Zemlje Najbliže Hrvatskoj - Jedne Minute Sprinta - Statistics

General Stats
  • This quiz has been taken 16 times
  • The average score is 15 of 20
Answer Stats
km zemlja % Correct
70 Albanija
100%
0 Bosna i Hercegovina
100%
0 Crna Gora
100%
0 Slovenija
100%
0 Srbija
100%
12 Italija
93%
0 Mađarska
93%
315 Bugarska
80%
128 Kosovo
80%
23 Austrija
73%
234 Češka
73%
107 Rumunjska
73%
168 Slovačka
73%
233 Njemačka
67%
261 Švicarska
67%
270 Grčka
60%
177 Makedonija
60%
141 San Marino
47%
314 Vatikan
40%
345 Lihtenštajn
33%
No matching quizzes found
Score Distribution
Percent of People with Each Score
Percentile by Number Answered
Your Score History
You have not taken this quiz